Statistics for Six Letter Geography #1

Click here to take the quiz!

General Stats

  • This quiz has been taken 88,226 times
    (88,097 since last reset)
  • The average score is 15 of 24

Answer Stats

DescriptionAnswer% Correct
Capital of GreeceAthens
98%
Capital of the UKLondon
97%
Oldest European settlement
in Australia
Sydney
95%
Capital of IrelandDublin
91%
Largest Portuguese-speaking countryBrazil
89%
Largest U.S. state by land areaAlaska
87%
Mediterranean island nationCyprus
82%
Famous Central American canalPanama
80%
World's second-longest riverAmazon
79%
Capital of ColombiaBogota
71%
One of the Baltic republicsLatvia
66%
Also known as the Republic of ChinaTaiwan
66%
Longest river in the EUDanube
62%
Country surrounded by SenegalGambia
59%
Canadian provinceQuebec
59%
Largest city in New EnglandBoston
58%
European country neutral in WWIISweden
56%
World's oldest and deepest lakeBaikal
42%
National animal of CanadaBeaver
41%
Country astride the DardanellesTurkey
41%
Largest city in KazakhstanAlmaty
23%
Capital of the aboveBanjul
22%
Longest river in South AfricaOrange
16%
Currency of IndonesiaRupiah
15%

Score Distribution

Percentile by Number Answered

Percent of People with Each Score

Your Score History

You have not taken this quiz since the last reset